000 00397nam a2200157Ia 4500
008 231217s9999 xx 000 0 und d
020 _a8178814226
041 _aEnglish
082 _a352.4 ANI;1 R
100 _aAnita, C ed.
245 0 _aTreasury outsourcing : an introduction
260 _c2005
_bIcfai
_aHyderabad
300 _axvi, 158
650 _aTreasury,outsourcing
942 _cAA
999 _c191490
_d191490